=LDR 00000nam 2200000 4500 =001 INLIS000000000011305 =005 20130612102900 =008 ***********************************Ind** =035 ##$$0010-061300000011305 =041 ##$$a Ind =082 ##$$a 959.8 =090 ##$$a 959.8, Han m =100 ##$$a Hanafi, A.M =245 ##$$a Menteng 31 markas pemuda revolusi oner angkatan 45 membangun jembatan Dua angkatan, A.M.Hanafi =260 ##$$a 1996 $b 6aJakarta =300 ##$$a XVI,284 hlm., ilus, 21 cm =650 ##$$a Sejarah Indonesia =850 ##$$a NBPNMAT